[Event "Satka Autumn 2018"]
[Site "Satka"]
[Date "2018.09.17"]
[Round "7"]
[White "Kovanova, Baira"]
[Black "Charochkina, Daria"]
[Result "1/2-1/2"]
[WhiteElo "2363"]
[BlackElo "2336"]
[Annotator "TA"]
[PlyCount "92"]
[EventDate "2018.09.11"]
[EventType "swiss"]
[EventCountry "RUS"]
[SourceTitle "playchess.com"]
[Source "ChessBase"]
[SourceQuality "1"]

{[%evp 27,92,25,29,-14,7,0,0,3,8,0,8,0,58,39,44,60,50,23,24,22,47,30,52,22,29,21,42,22,67,60,97,35,33,35,37,27,47,53,98,98,138,39,39,0,39,39,39,39,39,0,40,0,40,0,52,20,14,13,14,0,45,16,53,40,47,0,47]} 1. e4 c5 2. Nf3 Nc6 3. d4 cxd4 4. Nxd4 Qb6 5. Nb3 Nf6 6. Nc3 e6 7. Bd3 a6 8. O-O Be7 9. a4 {[%cal Ba2a4,Ba4a5][%mdl 32]} Qc7 10. a5 {B33: Sicilian: Pelikan and Sveshnikov Variations} d6 11. Be3 Bd7 12. Na4 O-O 13. Nb6 Rad8 14. f4 Nb4 {LiveBook: 4 Games} 15. Nxd7 (15. Qd2 Nxd3 16. cxd3 e5 17. fxe5 dxe5 18. Rxf6 Bxf6 19. Nd5 Qc6 {½-½ (34) Navara,D (2706)-Babula,V (2563) Kouty nad Desnou 2012}) 15... Rxd7 $146 ({Predecessor:} 15... Nxd7 16. Qd2 d5 17. e5 Rc8 18. c3 Nxd3 19. Qxd3 Qc4 {½-½ (46) Ho,M (2242)-Peters,J (2424) Los Angeles 2004}) 16. Ra4 d5 17. e5 Ne4 18. Qe2 Rc8 19. Kh1 Kh8 (19... Qc6 $11 20. Raa1 Bc5) 20. Bxe4 dxe4 21. c3 Nd5 22. Rxe4 Nxe3 23. Qxe3 Rcd8 24. Qe2 Rd5 25. Rc4 Qd7 26. Rd4 Rxd4 27. Nxd4 Bc5 28. Rd1 h6 29. b4 (29. Qc4 $16 Ba7 30. h3) 29... Ba7 $1 $14 30. h3 Qc7 31. Qd3 Bxd4 32. cxd4 $11 {[%mdl 4096] Endgame KQR-KQR} Qc6 33. f5 exf5 {[#]} 34. Qxf5 (34. d5 $1 $16 {[%cal Rd5c6]} Qa4 35. d6) 34... Qc4 $14 35. Qf4 Kg8 36. Qd2 Rd5 $1 37. Kh2 Kh8 38. Kh1 Kg8 39. Kh2 Kh8 $1 40. Qf4 Rd8 ({Black should play} 40... Qxb4 $11 41. Qxf7 Rxd4) 41. Qh4 Rd7 42. Qg4 Rd5 $1 43. Qf4 Rd8 44. Qf2 {And now d5! would win.} Kg8 45. Qb2 Rd5 46. Qd2 Kh8 {Precision: White = 23%, Black = 47%.} 1/2-1/2

[Event "Satka Autumn 2018"]
[Site "Satka"]
[Date "2018.09.17"]
[Round "7"]
[White "Semenova, Elena"]
[Black "Trapeznikova, Darya"]
[Result "1/2-1/2"]
[WhiteElo "2219"]
[BlackElo "2107"]
[Annotator "TA"]
[PlyCount "81"]
[EventDate "2018.09.11"]
[EventType "swiss"]
[EventCountry "RUS"]
[SourceTitle "playchess.com"]
[Source "ChessBase"]
[SourceQuality "1"]

{[%evp 24,81,60,55,142,0,8,0,0,0,0,0,0,0,0,-33,0,0,92,-23,-23,-24,-24,-32,-32,-33,-20,-17,-18,-16,-2,-23,34,0,0,0,631,2,2,2,2,2,2,2,2,2,2,4,4,0,0,0,0,0,0,0,0,0,0,0]} 1. e4 {[%cal Be2e4,Be4e5][%mdl 32]} Nf6 2. e5 Nd5 3. d4 d6 4. Nf3 Bg4 5. c4 Nb6 6. exd6 exd6 7. Be2 Be7 8. O-O O-O 9. h3 Bh5 10. Nc3 Nc6 11. b3 Bf6 {B05: Alekhine's Defence: 4 Nf3 Bg4} 12. Be3 Re8 (12... d5 13. c5 Nc8 14. Re1 h6 15. Nh2 Bg6 16. Bf3 Nb4 17. Re2 c6 18. Ng4 Bd3 19. Rb2 {1-0 (42) Lu,S (2640)-Enkhtuul,A (2356) Paramaribo 2017}) 13. Qd2 {LiveBook: 16 Games} a5 (13... Bg6 $14) 14. a4 $146 (14. g4 $1 $16 {[%cal Rg4h5]} Bg6 15. g5) 14... Nb4 15. Rfe1 d5 16. c5 Nd7 {[%cal Bb6d7,Bd7f8,Bf8e6,Be6d4][%mdl 32]} 17. Nb5 Nf8 18. Bf4 Ne6 19. Bh2 Bxf3 (19... Bg6 {looks sharper.} 20. Rac1 Be4 21. Rc3 Qe7 22. Bd1 Rad8) 20. Bxf3 Nc6 (20... c6 $11 21. Nd6 Bxd4) 21. Rad1 ({Better is} 21. Rxe6 $1 $16 fxe6 22. Bxc7) 21... Ncxd4 $11 22. Nxd4 Nxd4 23. Rxe8+ Qxe8 24. Bxc7 Qd7 25. Bd6 Nxf3+ 26. gxf3 d4 27. Kg2 $1 Qe6 ({Black should try} 27... h5 $11) 28. Re1 Qd7 ({Don't go for} 28... Qxb3 $2 {[#]} 29. Qxa5 $1 {[%mdl 512]} Rc8 30. Qc7 $3 $18 {[%mdl 512]}) 29. Qd3 b6 $2 {[%mdl 8192]} (29... h6 $11) 30. Qe4 $2 (30. Qb5 $18 Qxb5 31. axb5 bxc5 32. b6) 30... Rc8 {The position is equal.} 31. Qg4 Qxg4+ 32. fxg4 bxc5 {[#]} 33. Bxc5 $1 {[%mdl 4608] Endgame next Bb6 is good for White. KRB-KRB} h6 (33... Rxc5 34. Re8#) 34. Bb6 Rb8 35. Bxa5 {Hoping for Rb1.} Rxb3 36. Bd2 Rb2 37. Rd1 Ra2 38. a5 Bd8 39. Kf3 Bxa5 40. Bxa5 Rxa5 41. Ke4 {Precision: White = 50%, Black = 55%.} 1/2-1/2

[Event "Satka Autumn 2018"]
[Site "Satka"]
[Date "2018.09.17"]
[Round "7"]
[White "Smirnova, Ekaterina"]
[Black "Mukhina, Jana"]
[Result "1/2-1/2"]
[WhiteElo "2202"]
[BlackElo "2072"]
[Annotator "TA"]
[PlyCount "198"]
[EventDate "2018.09.11"]
[EventType "swiss"]
[EventCountry "RUS"]
[SourceTitle "playchess.com"]
[Source "ChessBase"]
[SourceQuality "1"]

{[%evp 18,198,10,8,6,15,8,5,18,15,14,6,17,8,8,10,149,176,285,53,85,79,79,56,89,70,71,74,209,124,118,56,128,126,115,-106,-105,-91,-99,-175,-81,-79,-45,-71,-68,-105,-46,-50,-48,-135,-135,-154,-141,-144,-114,-152,-74,-150,-77,-81,-59,-75,-14,-14,0,-8,0,0,0,0,0,0,0,0,0,0,0,0,0,0,0,0,0,0,0,0,0,0,0,0,0,0,0,0,0,0,0,0,0,-253,-260,-592,-592,-315,0,0,0,-2250,-1888,-2161,-4,-11,0,-25,-25,-25,-25,-25,-25,-25,0,-25,-25,-2175,-25,-1937,0,-1398,-1239,-1203,-25,-1037,-558,-5057,-4718,-4634,-2385,-5566,-4648,-4634,0,0,0,0,0,-5,-6,-75,0,0,0,0,0,0,0,0,0,0,0,0,0,0,0,0,0,0,0,0,0,0,0,0,0,0,0,0,0,0,0,0,0,0,0]} 1. d4 Nf6 2. c4 e6 3. Nc3 Bb4 4. a3 Bxc3+ 5. bxc3 c5 6. f3 d5 7. cxd5 Nxd5 8. dxc5 f5 9. c4 {E25: Nimzo-Indian: Sämisch: 5...c5 6 f3 d5 7 cxd5} Qh4+ (9... Qf6 10. Bd2 Ne7 11. Qc1 O-O 12. e3 Nd7 13. Nh3 Nxc5 14. Be2 Nb3 {0-1 (14) Mamedyarov,S (2799)-Ivanchuk,V (2726) Huaian 2017}) 10. g3 {LiveBook: 7 Games} Qxc4 11. e4 Qc3+ 12. Bd2 Qe5 13. Bg2 fxe4 14. fxe4 Nc3 15. Qc1 $36 {[%mdl 2048] White has some pressure.} Nxe4 16. Bf4 Qf5 $146 (16... Qd4 $11 {remains equal.} 17. Be3 Qd3) ({Predecessor:} 16... Qd4) 17. Ne2 $16 {[%mdl 1024] White has strong compensation.} e5 (17... Na6 $142) 18. Be3 $2 (18. Qc4 $18 Nf6 19. c6 bxc6 20. Bxc6+ Nxc6 21. Qxc6+ Qd7 22. Qxa8 exf4 23. O-O (23. gxf4 $2 O-O $19)) 18... Nc6 19. Rf1 $1 {[%cal Rf1f5]} Qg6 20. Qc4 Nf6 21. Nc3 $1 Qg4 22. Ne4 Rf8 (22... Be6 $16 23. Nxf6+ gxf6 24. Qxg4 Bxg4) 23. Nd6+ (23. Bf3 $18 Qe6 24. Nd6+ Ke7 25. Qh4) 23... Ke7 24. Qb3 (24. Qc3 $16) 24... Rb8 (24... Nd4 $14 25. Qd3 Be6) 25. Bxc6 Be6 26. Bf3 $2 (26. Qc3 $16 {keeps the pressure on.} bxc6 27. Qxe5) 26... Bxb3 $17 27. Bxg4 Nxg4 28. Bg5+ (28. Rxf8 $17 {might work better.} Rxf8 29. Rb1) 28... Nf6 (28... Ke6 $19 {has better winning chances.} 29. Rxf8 Rxf8) 29. Rb1 Bd5 30. Rd1 Be6 $1 31. Ne4 h6 (31... Rbc8 $17 32. Rf2 h6 33. Nxf6 hxg5 34. Nd5+ Ke8) 32. Nxf6 $15 hxg5 {[%cal Bh6g5,Bg5g4][%mdl 32]} 33. Ne4 (33. Nd5+ $15 Bxd5 34. Rxf8 Rxf8 35. Rxd5) 33... Rxf1+ 34. Kxf1 $17 {[%mdl 4096] Endgame KRB-KRN} g4 35. Nf2 Rf8 36. Rb1 Bc8 ({Black should try} 36... Bd5 37. Kg1 Bf3) 37. Re1 (37. Rb4 $142) 37... Kf6 (37... Ke6 $142 38. Ke2 Kd5 39. Rd1+ Kxc5 40. Ne4+ Kc6 41. Rd6+ Kc7) 38. Re4 Rd8 39. Nxg4+ Bxg4 (39... Kf5 $1 $17 {[%cal Rf5e4]} 40. Rb4 Rd1+ 41. Ke2 Ra1 42. Ne3+ Ke6) 40. Rxg4 $15 {KR-KR} Rd1+ 41. Ke2 Rc1 42. Rb4 Rxc5 43. Rxb7 Ra5 44. Rb3 Ra4 45. Ke3 g5 46. h3 g4 47. hxg4 Rxg4 48. Kf3 Ra4 49. Rc3 Kf5 50. Rb3 Ke6 51. Ke3 a6 52. Rc3 Kd5 53. Rd3+ Ke6 54. Rc3 Kf5 55. Rb3 Rg4 56. Kf3 Rc4 57. Ke3 a5 58. Kf3 $2 {[%mdl 8192]} (58. Kd3 $11 {and White stays safe.} Rd4+ 59. Ke2) 58... a4 $19 59. g4+ $2 (59. Rb5 {nothing else works.} Rc3+ 60. Kf2) 59... Rxg4 60. Rb8 Rh4 $2 (60... e4+ $1 $19 61. Kf2 Rf4+ 62. Ke2 Rg4) 61. Rf8+ $11 Ke6 62. Re8+ $2 {[%mdl 8192]} (62. Ra8 $11) 62... Kd6 63. Rd8+ Ke7 $2 (63... Kc5 $1 $19 64. Kg2 Kc4) 64. Ra8 Kd6 65. Ra5 Rd4 66. Ke3 Ke6 67. Ra8 Kd5 68. Ra5+ Ke6 69. Ra8 Rh4 70. Re8+ $2 {[%mdl 8192]} (70. Kd3 $11) 70... Kd6 $2 ({Better is} 70... Kd5 $1 $19 71. Rd8+ Kc4) 71. Rd8+ $2 {[%mdl 8192]} (71. Kd3 $11) 71... Kc5 $1 $19 72. Re8 $2 {[%mdl 8192]} (72. Rc8+ $11 Kd5 73. Rd8+ Kc4 74. Rb8 Rh3+ 75. Ke4) 72... Kd5 73. Rd8+ {[#]} Kc4 $1 {[%cal Rc4b3] ...Kb3 is the strong threat.} 74. Re8 $2 {[%mdl 8192]} (74. Rb8 $11 Rh3+ 75. Kd2 Rxa3 76. Rc8+ Kd4 77. Rd8+ Ke4 78. Rh8) 74... Rh3+ 75. Ke4 Rxa3 76. Rc8+ {[#]} Kb4 $1 77. Kxe5 Rd3 78. Ke4 Rd7 $2 (78... Rd1 $19 79. Rb8+ Kc4 80. Rc8+ Kb3 81. Rb8+ Ka2) 79. Rb8+ $11 Kc4 80. Rc8+ Kb3 81. Rb8+ Ka2 82. Ke3 $1 a3 (82... Rd6 $17 {aiming for ...a3.} 83. Rb7 a3) 83. Ke2 $1 {The position is equal.} Ka1 84. Rb6 $1 Rd4 85. Rb8 $1 Rh4 86. Kd2 Rh2+ 87. Kc1 $1 Rb2 88. Ra8 Ka2 {White must now prevent ...Rh2.} (88... a2 {seems wilder.} 89. Ra7 Rf2 90. Rc7 Rf4 91. Kc2 Rf1) 89. Ra7 Rb3 90. Kc2 Rb6 91. Rc7 Rb2+ 92. Kc1 Rb4 (92... Kb3 $5) 93. Kc2 Rh4 {Threatens to win with ...Rh8.} 94. Rc8 Rh2+ 95. Kc1 Rb2 {Strongly threatening ...Rb5.} 96. Ra8 Rb4 {And now ...Rc4+ would win.} 97. Rc8 Ka1 {Hoping for ...Ka2.} 98. Rc7 $1 Rb1+ 99. Kc2 Rb2+ {Precision: White = 48%, Black = 45%.} 1/2-1/2

[Event "Satka Autumn 2018"]
[Site "Satka"]
[Date "2018.09.17"]
[Round "7"]
[White "Nosacheva, Mariya"]
[Black "Schepetkova, Margarita"]
[Result "1-0"]
[WhiteElo "2073"]
[BlackElo "2238"]
[Annotator "TA"]
[PlyCount "69"]
[EventDate "2018.09.11"]
[EventType "swiss"]
[EventCountry "RUS"]
[SourceTitle "playchess.com"]
[Source "ChessBase"]
[SourceQuality "1"]

{[%evp 30,69,0,0,0,0,0,0,0,0,0,0,17,11,3,9,0,4,362,363,375,363,375,311,362,374,371,368,358,360,362,362,364,354,429,429,421,417,410,391,29998,29999]} 1. e4 c6 2. d4 d5 3. Nc3 dxe4 4. Nxe4 Bf5 5. Ng3 Bg6 6. h4 h6 7. Nf3 Nd7 8. h5 Bh7 9. Bd3 Bxd3 10. Qxd3 e6 11. Bf4 Qa5+ {B19: Classical Caro-Kann: 4...Bf5 main line} 12. Bd2 Bb4 13. Ne4 (13. c3 Be7 14. c4 Qc7 15. d5 cxd5 16. cxd5 Qd6 17. Qb5 Ngf6 18. dxe6 Qxe6+ 19. Kf1 {1-0 (64) Kokarev,D (2622)-Rozum,I (2586) Khanty-Mansiysk 2017}) 13... Ngf6 14. Nd6+ Ke7 15. Nxb7 Bxd2+ 16. Nxd2 {LiveBook: 30 Games} Qb4 17. Qb3 Qxd4 {Strongly threatening ...Rhb8.} 18. O-O-O Rab8 {[#] Hoping for ...Rxb7!} 19. Na5 Rhc8 $146 20. Qa3+ Qb4 21. Qxb4+ Rxb4 22. Ndc4 Rc7 23. f3 Nb6 $2 {[%mdl 8192]} (23... Rb5 $11) 24. Ne5 $18 Kf8 25. Naxc6 Rb5 26. Rd8+ Ne8 27. Rhd1 {[#] Rxe8+! would kill now.} Rd5 28. R1xd5 exd5 29. b3 f6 30. Ng6+ Kf7 31. Nb4 Rd7 32. Rxd7+ Nxd7 33. Nxd5 Ke6 34. Ndf4+ Kf5 $2 (34... Kd6 $18 35. Kd2 Ne5) 35. g4+ {Precision: White = 100%, Black = 53%.} 1-0

[Event "Satka Autumn 2018"]
[Site "Satka"]
[Date "2018.09.17"]
[Round "7"]
[White "Filippova, Darya"]
[Black "Makarenko, Alexandra"]
[Result "0-1"]
[WhiteElo "2061"]
[BlackElo "2247"]
[Annotator "TA"]
[PlyCount "42"]
[EventDate "2018.09.11"]
[EventType "swiss"]
[EventCountry "RUS"]
[SourceTitle "playchess.com"]
[Source "ChessBase"]
[SourceQuality "1"]

{[%evp 20,42,66,26,35,24,31,11,11,10,14,-52,-52,-92,-91,-140,-136,-157,-164,-157,-151,-171,-151,-800,-785]} 1. d4 Nf6 2. Nf3 g6 3. c4 Bg7 4. Nc3 O-O 5. e4 d6 6. h3 Na6 7. Bd3 c5 8. d5 e6 9. O-O exd5 10. exd5 Nc7 {E90: King's Indian: Classical: Early deviations and 6 h3} 11. a4 {LiveBook: 9 Games} Na6 12. Na2 $146 ({Predecessor:} 12. Bg5 Nb4 13. Bb1 h6 14. Be3 Kh8 15. Qd2 Ng8 16. Ra3 Bd7 17. Bf4 Qf6 18. Rb3 {0-1 (46) Handler,L (2379)-Mahdy,K (2388) Austria 2016}) 12... Re8 {White has an edge.} 13. Re1 Rxe1+ 14. Nxe1 Nd7 {[%cal Bf6d7,Bd7c5,Bc5d3][%mdl 32]} 15. f4 (15. Bf1 $11) 15... Nb4 $15 16. Nxb4 cxb4 17. Bc2 Nc5 18. Nd3 Nxd3 19. Bxd3 Qh4 20. Qe2 {[#] Black should prevent Qe8+.} Bxh3 $1 {[%mdl 512]} 21. gxh3 $2 (21. Qf2 $17 Qxf2+ 22. Kxf2 Bd4+ 23. Be3 Bxe3+ 24. Kxe3 Bxg2 25. Kd4) 21... Qg3+ {Precision: White =  8%, Black = 83%.} 0-1

[Event "Satka Autumn 2018"]
[Site "Satka"]
[Date "2018.09.17"]
[Round "7"]
[White "Mironenko, Galina"]
[Black "Mikheeva, Galina"]
[Result "1-0"]
[WhiteElo "2021"]
[BlackElo "1767"]
[Annotator "NA RC"]
[PlyCount "73"]
[EventDate "2018.09.11"]
[EventType "swiss"]
[EventCountry "RUS"]
[SourceTitle "playchess.com"]
[Source "ChessBase"]
[SourceQuality "1"]
[TimeControl "40/5400+30:1800+30"]

{[%evp 8,61,63,41,83,64,80,55,87,71,66,75,102,91,130,120,125,106,163,138,227,238,223,162,199,177,191,196,240,233,32767,32767,32767,183,185,116,192,131,230,220,340,339,349,356,32767,275,257,242,630,688,603,466,656,693,800,902]} 1. d4 {[%emt 0:00:00]} f5 {[%emt 0:00:00]} 2. Bf4 {[%emt 0:00:00]} Nf6 {[%emt 0:00:03]} 3. e3 {[%emt 0:00:00]} g6 {[%emt 0:00:06]} 4. h4 {[%emt 0:00:00]} h6 {[%emt 0:00:21] A80: Dutch Defence: Unusual White second moves} 5. Nc3 {[%emt 0:00:40]} Bg7 {[%emt 0:00:47] LiveBook: 6 Games} (5... d6 6. Qf3 c6 7. O-O-O Be6 8. Bd3 Qa5 9. a3 Nbd7 10. e4 O-O-O 11. Nge2 fxe4 12. Nxe4 {½-½ (40) Sjugirov,S (2650)-Nepomniachtchi,I (2729) Riadh 2017}) 6. Bc4 {[%emt 0:00:06]} d6 {[%emt 0:01:42]} 7. Qf3 {[%emt 0:02:58]} Nbd7 $146 {[%emt 0:15:52]} ({Predecessor:} 7... e6 8. Qg3 Kf7 9. Be2 Nc6 10. O-O-O Qe7 11. Nh3 {0-1 (44) Bortnyk,O (2600)-Gasanov,E (2482) Omelnyk 2017}) 8. O-O-O {[%emt 0:07:32]} c6 {[%emt 0:03:50]} 9. Nge2 {[%emt 0:13:56]} d5 {[%emt 0:05:20]} 10. Bd3 {[%emt 0:01:01]} Nf8 {[%emt 0:31:28]} 11. Be5 {[%emt 0:05:54]} e6 {[%emt 0:02:38]} 12. Nf4 {[%emt 0:04:38]} Kf7 {[%emt 0:01:07]} 13. Qg3 {[%emt 0:11:06]} Ng4 {[%emt 0:05:53]} (13... Rg8 {is a better defense.} 14. Kb1 Ng4) 14. Bxg7 {[%emt 0:03:18]} Kxg7 {[%emt 0:00:05]} 15. Rde1 {[%emt 0:04:43]} Kf7 {[%emt 0:06:41]} 16. f3 {[%emt 0:02:56]} Nf6 {[%emt 0:00:06]} 17. Qf2 {[%emt 0:05:14]} Qd6 {[%emt 0:05:28]} (17... h5 $142 18. Qg3 Qd6) 18. g4 {[%emt 0:08:29]} Bd7 {[%emt 0:05:41]} 19. gxf5 {[%emt 0:03:40]} exf5 {[%emt 0:00:20]} 20. Rhg1 {[%emt 0:00:46]} Rg8 {[%emt 0:00:51] [#]} 21. Bf1 {[%emt 0:00:53]} ({White should try} 21. Qd2 $1 $18) 21... Be6 {[%emt 0:01:08]} (21... Ne6 $16) 22. Nd3 {[%emt 0:01:49]} N8d7 {[%emt 0:00:17] [#]} (22... Kg7 $16 {kämpft weiter.}) 23. e4 $1 {[%emt 0:01:55]} Qc7 {[%emt 0:03:18]} (23... Nh5 $142 24. Qe3 f4) 24. Qe3 {[%emt 0:01:34]} dxe4 {[%emt 0:04:20]} 25. fxe4 {[%emt 0:00:49]} Ng4 {[%emt 0:01:26]} 26. Rxg4 {[%emt 0:04:37]} fxg4 {[%emt 0:00:03]} 27. d5 {[%emt 0:00:06]} g5 $2 {[%emt 0:02:34]} (27... Bxd5 28. exd5 Rae8 29. Qxh6 (29. Qf2+ Kg7 $18) 29... Rh8) 28. dxe6+ {[%emt 0:00:47]} Kxe6 {[%emt 0:00:06]} 29. Be2 {[%emt 0:02:22]} Ke7 {[%emt 0:02:10]} 30. Bxg4 {[%emt 0:01:49]} Qb6 {[%emt 0:00:36]} 31. Qg3 $18 {[%emt 0:01:33]} Raf8 {[%emt 0:00:26]} 32. Ne5 {[%emt 0:02:44]} Nf6 {[%emt 0:00:18]} 33. Nc4 {[%emt 0:00:37]} Qc5 {[%emt 0:00:12]} 34. Qc7+ {[%emt 0:00:13]} Nd7 {[%emt 0:00:53]} 35. Qxd7+ {[%emt 0:00:09]} Kf6 {[%emt 0:00:06]} 36. e5+ {[%emt 0:00:24]} Kg6 {[%emt 0:00:07]} 37. h5# {[%emt 0:00:05]} 1-0

[Event "Satka Autumn 2018"]
[Site "Satka"]
[Date "2018.09.17"]
[Round "7"]
[White "Simakova, Elena"]
[Black "Nasybullina, Dayana"]
[Result "1/2-1/2"]
[WhiteElo "1935"]
[BlackElo "1809"]
[Annotator "NA RC"]
[PlyCount "80"]
[EventDate "2018.09.11"]
[EventType "swiss"]
[EventCountry "RUS"]
[SourceTitle "playchess.com"]
[Source "ChessBase"]
[SourceQuality "1"]
[TimeControl "40/5400+30:1800+30"]

{[%evp 9,80,33,29,23,34,27,36,25,30,26,26,16,31,7,15,12,12,0,0,0,0,-13,0,-3,0,-12,0,32767,0,-7,0,-43,-30,32767,32767,32767,32767,32767,32767,-63,-72,-66,-37,-49,-43,-45,-41,-31,-29,-58,-46,-45,-50,-51,-45,-68,-53,-51,-17,-17,-17,-23,-17,-14,-13,-26,-23,-20,0,-17,0,32767,0]} 1. e4 {[%emt 0:00:00]} e6 {[%emt 0:00:23]} 2. d4 {[%emt 0:00:00]} d5 {[%emt 0:00:06]} 3. Nd2 {[%emt 0:00:00]} dxe4 {[%emt 0:00:08]} 4. Nxe4 {[%emt 0:00:00]} Nd7 {[%emt 0:00:09]} 5. Nf3 {[%emt 0:00:07]} Ngf6 {[%emt 0:00:07]} 6. Nxf6+ {[%emt 0:00:09]} Nxf6 {[%emt 0:00:27]} 7. c3 {[%emt 0:00:14]} Be7 {[%emt 0:00:26]} 8. Bd3 {[%emt 0:00:26]} O-O {[%emt 0:00:09]} 9. O-O {[%emt 0:00:16]} b6 {[%emt 0:00:16]} 10. Qe2 {[%emt 0:00:46]} Bb7 {[%emt 0:00:13]} 11. Bg5 {[%emt 0:01:37]} h6 {[%emt 0:02:58] LiveBook: 15 Games C10: French with 3 Nc3: Unusual Black 3rd moves and 3...dxe4} 12. Bh4 {[%emt 0:00:11]} Qd5 {[%emt 0:02:33]} (12... Nh5 13. Bxe7 Qxe7 14. Qe3 Nf6 15. a4 c5 16. dxc5 bxc5 17. Rfd1 Rfd8 18. Ne5 Qc7 19. Bc4 {½-½ (66) Sjugirov,S (2610)-Matlakov,M (2603) Chotowa 2010}) 13. Bc4 {[%emt 0:10:33]} Qh5 {[%emt 0:03:30]} 14. Bg3 {[%emt 0:09:40]} c5 $146 {[%emt 0:01:39]} ({Predecessor:} 14... Bd6 15. Ne5 Qxe2 16. Bxe2 Ne4 17. Bf4 Nf6 18. Rad1 Rad8 19. Rd2 {½-½ (34) Seidel,S-Kruck,M Bensheim 1997}) 15. Rad1 {[%emt 0:02:00]} cxd4 {[%emt 0:07:49]} 16. Rxd4 {[%emt 0:11:36]} Rfd8 {[%emt 0:01:14]} 17. Rfd1 {[%emt 0:02:46]} Rxd4 {[%emt 0:00:34]} 18. Rxd4 {[%emt 0:06:06]} Bc5 {[%emt 0:04:39]} 19. Rd1 {[%emt 0:03:44]} Ne4 {[%emt 0:09:21]} 20. Nd4 {[%emt 0:23:59]} Nxg3 {[%emt 0:01:32]} 21. hxg3 {[%emt 0:00:11]} Qxe2 {[%emt 0:00:20]} 22. Nxe2 {[%emt 0:00:21]} Bc6 {[%emt 0:00:38]} 23. b4 {[%emt 0:05:37]} Be7 {[%emt 0:00:37]} 24. b5 {[%emt 0:04:59]} Be8 {[%emt 0:00:46]} 25. a4 {[%emt 0:07:02]} Rd8 {[%emt 0:01:46]} 26. Rxd8 {[%emt 0:00:18]} Bxd8 {[%emt 0:00:04]} 27. Nd4 {[%emt 0:01:48]} Kf8 {[%emt 0:00:24]} 28. Kf1 {[%emt 0:03:19]} Bf6 {[%emt 0:00:46]} 29. Nc6 {[%emt 0:02:40]} Bxc6 {[%emt 0:00:39]} 30. bxc6 {[%emt 0:00:03]} Ke7 {[%emt 0:00:51]} 31. Bb5 {[%emt 0:00:39]} Kd6 {[%emt 0:00:41]} 32. c4 {[%emt 0:00:16]} Bd4 {[%emt 0:00:38]} 33. Ke2 {[%emt 0:00:47]} a6 {[%emt 0:01:13]} 34. Bxa6 {[%emt 0:00:29]} Kxc6 {[%emt 0:00:11]} 35. g4 {[%emt 0:00:27]} Kd6 {[%emt 0:00:19]} 36. Bb5 {[%emt 0:02:35]} Bc5 {[%emt 0:00:19]} 37. Be8 {[%emt 0:00:18]} Ke7 {[%emt 0:00:18]} 38. Bb5 {[%emt 0:00:07]} Kd6 {[%emt 0:00:17]} 39. Be8 {[%emt 0:00:29]} Ke7 {[%emt 0:00:10]} 40. Bb5 {[%emt 0:00:00]} Kd6 {[%emt 0:00:00]} 1/2-1/2

[Event "Satka Autumn 2018"]
[Site "Satka"]
[Date "2018.09.17"]
[Round "7"]
[White "Stroganova, Karina"]
[Black "Mirgalina, Anna"]
[Result "1-0"]
[WhiteElo "1711"]
[BlackElo "1339"]
[Annotator "NA RC"]
[PlyCount "43"]
[EventDate "2018.09.11"]
[EventType "swiss"]
[EventCountry "RUS"]
[SourceTitle "playchess.com"]
[Source "ChessBase"]
[SourceQuality "1"]
[TimeControl "40/5400+30:1800+30"]

1. d4 {[%emt 0:00:00]} Nf6 {[%emt 0:00:00]} 2. Nf3 {[%emt 0:00:00]} e6 {[%emt 0:00:00]} 3. c4 {[%emt 0:00:00]} b6 {[%emt 0:00:02]} 4. g3 {[%emt 0:00:13]} Bb7 {[%emt 0:00:07]} 5. Bg2 {[%emt 0:00:06]} Be7 {[%emt 0:00:30]} 6. O-O {[%emt 0:00:17]} O-O {[%emt 0:00:22]} 7. Nc3 {[%emt 0:00:18]} d5 {[%emt 0:00:29]} 8. Ne5 {[%emt 0:02:55]} Nbd7 {[%emt 0:03:35]} 9. Re1 {[%emt 0:01:54]} Rb8 {[%emt 0:03:42]} 10. Qa4 {[%emt 0:01:26]} Nxe5 {[%emt 0:04:09]} 11. dxe5 {[%emt 0:00:08]} Nd7 {[%emt 0:00:08]} 12. cxd5 {[%emt 0:02:01]} exd5 {[%emt 0:03:09]} 13. Nxd5 {[%emt 0:01:12]} Nxe5 {[%emt 0:03:16]} 14. Rd1 {[%emt 0:00:41]} Bd6 {[%emt 0:01:47]} 15. Bf4 {[%emt 0:01:42]} Qe8 {[%emt 0:02:34]} 16. Qxa7 {[%emt 0:01:13]} Nc6 {[%emt 0:17:37]} 17. Qa4 {[%emt 0:00:37]} Qd8 {[%emt 0:10:47]} 18. Bxd6 {[%emt 0:01:22]} Qxd6 {[%emt 0:01:51]} 19. Nxb6 {[%emt 0:00:20]} Qe6 {[%emt 0:00:19]} 20. Nd7 {[%emt 0:00:11]} Rbd8 {[%emt 0:02:49]} 21. Nxf8 {[%emt 0:00:17]} Rxf8 {[%emt 0:00:19]} 22. Rac1 1-0